| 000 | 00346nam a2200133Ia 4500 | ||
|---|---|---|---|
| 008 | 240624s9999 xx 000 0 und d | ||
| 041 | _aeng | ||
| 082 | _a321.8 TAL | ||
| 100 | _aTALBOTT STROBE | ||
| 245 | _aENGAGING INDIA DIPLOMACY DEMOCRACY AND T | ||
| 260 |
_c2004 _aNew Delhi _bPenguin Books |
||
| 300 | _a270 : p. : cm. ; 21 | ||
| 365 |
_cRS _b20 |
||
| 999 |
_c5904 _d5904 |
||